000 00830nam a2200229 i 4500
001 66568
003 ES-MaACL
005 20250803014911.0
007 t|
008 000630s1997 sp |||| | spa d
080 _a316.32(460)(063)
111 2 _aJornadas sobre la Vertebración de la Sociedad Española (
_n15ª.
_d1997.
_cMurcia)
_9877
245 1 0 _aXV Jornadas sobre Vertebración de la Sociedad Española
_b: [Murcia, 7 y 8 de octubre 1997].
260 _aMadrid :
_bFundación Independiente,
_c[1997]
300 _a110 p. ;
_c22 cm.
490 1 _aCuadernos de sociedad ;
_v15
650 1 4 _aEstructura social-
_zEspaña-
_vCongresos y asambleas.
_9168335
710 2 _aFundación Independiente (Madrid)
_94325
830 0 _aCuadernos de sociedad ;
_v15
_9179224
852 _aES-MaACL
_jL-27081
999 _c66568
_d66568